10 Biggest Cities in Order: Japan - Statistics

General Stats
  • This quiz has been taken 92 times
  • The average score is 6 of 10
Answer Stats
# Answer % Correct
1 Tokyo
100%
3 Osaka
88%
4 Nagoya
74%
2 Yokohama
72%
5 Sapporo
70%
7 Kobe
60%
9 Kyoto
56%
6 Fukuoka
53%
8 Kawasaki
26%
10 Saitama
19%
No matching quizzes found
Score Distribution
Percent of People with Each Score
Percentile by Number Answered
Your Score History
You have not taken this quiz